000 00543nam a2200181 a 4500
001 000017696
005 20200929165210.0
008 100330s1974 dr 000 0 spa d
040 _aDO-SdBNP
_bspa
_cBNPHU
082 _a639.207
_bB716i
100 1 _aBonnelly de Calventi, Idelisa
_936618
245 1 3 _aLa investigación pesquera y sus proyecciones.
260 _aSanto Domingo, :
_b[s.n.],
_c1974.
300 _a14 p. ;
_c21 cm.
650 4 _aPesca
_zRepùblica Dominicana
_910253
650 4 _aPesca
_xInvestigaciones
_938538
049 _aBNPD
999 _c17221
_d17221